Scarcity, conflicts, and cooperation (Record no. 1525)

MARC details
000 -LEADER
fixed length control field 00766 a2200205 4500
010 ## - LIBRARY OF CONGRESS CONTROL NUMBER
LC control number ENG-85157
020 ## - INTERNATIONAL STANDARD BOOK NUMBER
International Standard Book Number 0195676793
Terms of availability 595.00
035 ## - SYSTEM CONTROL NUMBER
System control number EN-68690
037 ## - SOURCE OF ACQUISITION
Source of stock number/acquisition D.B.Act / Pub
082 14 - DEWEY DECIMAL CLASSIFICATION NUMBER
Classification number 338.922
090 ## - LOCALLY ASSIGNED LC-TYPE CALL NUMBER (OCLC); LOCAL CALL NUMBER (OCLC)
-- 1549
-- 1549
100 1# - MAIN ENTRY--PERSONAL NAME
Personal name Bardhan, Pranab
245 1# - TITLE STATEMENT
Title Scarcity, conflicts, and cooperation
Remainder of title essays in the political and institutional economics of development
Statement of responsibility, etc by Pranab Bardhan
260 ## - PUBLICATION, DISTRIBUTION, ETC. (IMPRINT)
Place of publication, distribution, etc New Delhi
Name of publisher, distributor, etc Oxford University Press
Date of publication, distribution, etc 2006
270 ## - ADDRESS
Address YMCA Library Building, Jai Singh Road
City New Delhi
Postal code 110 001
300 ## - PHYSICAL DESCRIPTION
Extent xi, 306p.
Other physical details 22 cm (Hb.)
500 ## - GENERAL NOTE
General note Includes bibliographical refrences and index
942 ## - ADDED ENTRY ELEMENTS (KOHA)
Institution code [OBSOLETE] dpl
Koha item type English Books
Call number prefix 338.922 / BAR
Holdings
Withdrawn status Lost status Source of classification or shelving scheme Damaged status Not for loan Collection code Home library Current library Source of acquisition Cost, normal purchase price Total Checkouts Full call number Barcode Date last seen Copy number Uniform Resource Identifier Cost, replacement price Price effective from Koha item type
    Dewey Decimal Classification   Not For Loan Non-fiction D.B.Act.Division D.B.Act.Division DBAD/PUB 595.00   338.922 BAR EN-68690 15/09/2008 1 1602 595.00 15/09/2008 English Books

© Delhi Public Library
Hit Counter
free hit counter